Univerzálny elektronický obchod na Internete : Bakalárska práca

Enregistré dans:
Détails bibliographiques
Auteur principal: Košáň, Martin (Auteur)
Autres auteurs: Bezák, Pavol, 1977- (xxx)
Format: Manuscrit Livre
Langue:slovaque
Publié: Trnava : STU v Bratislave MtF KAIA, 2006
Sujets:
Tags: Ajouter un tag
Pas de tags, Soyez le premier à ajouter un tag!

MARC

LEADER 00000ntm a22000003a 4500
001 stu130777
005 20160719155614.9
008 061206s2006----xo------------------slo-d
040 |a STU  |b slo 
041 0 |a slo 
044 |a xo 
100 1 |a Košáň, Martin  |4 aut 
245 1 |a Univerzálny elektronický obchod na Internete :  |b Bakalárska práca 
260 |a Trnava :  |b STU v Bratislave MtF KAIA,  |c 2006 
300 |a 61 s  |c príl (1 CD-ROM) 
650 7 |a aplikovaná informatika a automatizácia v priemysle  |2 stusub 
650 7 |a elektronický obchod  |2 stusub 
700 1 |a Bezák, Pavol,  |d 1977-  |4 xxx  |u M6000  |U MTF Materiálovotechnologická fakulta  |T MTF Ústav aplikovanej informatiky, automatizácie a matematiky  |X 2805  |U M6000  |Y 86  |7 A000002805 
996 |b 284M075163  |c M*BP-2268  |l MMSKP  |s P  |a 0  |w stu130777_0001